Pelotón

Chris es un joven e inexperto soldado norteamericano es enviado a la frontera entre Vietnam y Camboya para incorporarse a un pelotón, en pleno frente de batalla contra las tropas norvietnamitas. Además de la crueldad de la guerra, tendrá que sufrir las difíciles relaciones con sus camaradas... Oscar...

Descripción completa

Guardado en:
Autor Principal: Stone, Oliver.
Autor Corporativo: Orion Pictures.
Otros Autores: Dafoe, Willem; Reparto., Sheen, Charlie; Reparto., Berenger, Tom; Reparto., David, Keith; Reparto.
Formato: Deslizar
Idioma:Undetermined
Publicado: Estados Unidos : Metro-Goldwyn-Mayer, 1986.
Materias:
Etiquetas: Agregar Etiqueta
Sin Etiquetas, Sea el primero en etiquetar este registro!
LEADER 01308ngm a22002535a 4500
001 CEM.cems020517
008 231004s1986####xx#---############vlund#d
005 20231004202454.0
245 1 0 |a Pelotón  |h [videograbación] /  |c Oliver Stone. 
260 |a Estados Unidos :  |b Metro-Goldwyn-Mayer,  |c 1986. 
300 |a 102'. 
520 |a Chris es un joven e inexperto soldado norteamericano es enviado a la frontera entre Vietnam y Camboya para incorporarse a un pelotón, en pleno frente de batalla contra las tropas norvietnamitas. Además de la crueldad de la guerra, tendrá que sufrir las difíciles relaciones con sus camaradas... Oscarizada primera entrega de la trilogía de Stone sobre la guerra de Vietnam. 
590 |a Identificación anterior: 207 
538 |a Soporte: DVD -- Formato: DVD – Peso: 4.24gb -- Resolución: 720 x 576 -- 25fps 
500 |a Título original: Platoon – Idioma: Inglés o doblada al español – Subtítulos: Español e inglés. 
100 1 |a Stone, Oliver. 
700 1 |a Dafoe, Willem; Reparto. 
700 1 |a Sheen, Charlie; Reparto. 
700 1 |a Berenger, Tom; Reparto. 
700 1 |a David, Keith; Reparto. 
710 2 |a Orion Pictures. 
653 |a LARGOMETRAJE 
653 |a FICCIÓN 
859 |a CEMS  |b BIB. CEMS - Depto. Recursos Didacticos  |h 778.5  |i STO-3  |k DRD  |p 3151.23  |t Ej.1